| 000 | 00695nam a22002417a 4500 | ||
|---|---|---|---|
| 001 | 9 | ||
| 003 | BR-CuiBMT | ||
| 005 | 20230926135109.0 | ||
| 008 | 230712s2013 spb 001 0 por d | ||
| 020 | _a9788522476176 | ||
| 040 |
_aBR-CuiBMT _cBR-CuiBMT |
||
| 080 |
_a342.9 _22007 |
||
| 090 |
_a342.9 _bD596d _c26. ed. |
||
| 100 | 1 | _aDi Pietro, Maria Sylvia Zanella | |
| 245 | 1 | 0 |
_aDireito administrativo / _cMaria Sylvia Zanella Di Pietro. |
| 250 | _a26. ed. | ||
| 260 |
_aSão Paulo : _bAtlas, _c2013. |
||
| 300 |
_axl, 938 p. ; _c25 cm |
||
| 504 | _aInclui bibliografia e índice. | ||
| 650 |
_aDireito administrativo _zBrasil |
||
| 650 |
_aDireito administrativo _vLegislação |
||
| 942 |
_2udc _cLV |
||
| 999 |
_c9 _d9 |
||